<?xml version="1.0" encoding="UTF-8"?>
<record
    xmlns:xsi="http://www.w3.org/2001/XMLSchema-instance"
    xsi:schemaLocation="http://www.loc.gov/MARC21/slim http://www.loc.gov/standards/marcxml/schema/MARC21slim.xsd"
    xmlns="http://www.loc.gov/MARC21/slim">

  <leader>01587cam a2200361 i 4500</leader>
  <datafield tag="999" ind1=" " ind2=" ">
    <subfield code="c">7794</subfield>
    <subfield code="d">7794</subfield>
  </datafield>
  <controlfield tag="001">991041324599706706</controlfield>
  <controlfield tag="003">OSt</controlfield>
  <controlfield tag="005">20231024103628.0</controlfield>
  <controlfield tag="008">190124e201803  spc           0|0 0ccat|c</controlfield>
  <datafield tag="015" ind1=" " ind2=" ">
    <subfield code="a">LL2019</subfield>
    <subfield code="2">bnc</subfield>
  </datafield>
  <datafield tag="017" ind1=" " ind2=" ">
    <subfield code="a">DL B 2225-2018</subfield>
    <subfield code="b">Biblioteca de Catalunya</subfield>
  </datafield>
  <datafield tag="020" ind1=" " ind2=" ">
    <subfield code="a">9788417183271</subfield>
  </datafield>
  <datafield tag="035" ind1=" " ind2=" ">
    <subfield code="a">(ES-BaCBU).b70241703</subfield>
  </datafield>
  <datafield tag="035" ind1=" " ind2=" ">
    <subfield code="a">(OCoLC)1120681679</subfield>
  </datafield>
  <datafield tag="040" ind1=" " ind2=" ">
    <subfield code="a">ES-GiUDG</subfield>
    <subfield code="b">cat</subfield>
    <subfield code="e">rda</subfield>
    <subfield code="c">CDMR</subfield>
  </datafield>
  <datafield tag="043" ind1=" " ind2=" ">
    <subfield code="a">e-sp---</subfield>
    <subfield code="b">e-spcg-</subfield>
    <subfield code="2">catmarc</subfield>
  </datafield>
  <datafield tag="080" ind1=" " ind2=" ">
    <subfield code="a">929</subfield>
    <subfield code="x">-055.2</subfield>
    <subfield code="x">(460.233)</subfield>
    <subfield code="2">2004</subfield>
  </datafield>
  <datafield tag="100" ind1="1" ind2=" ">
    <subfield code="a">Bastons i Vivanco, Carles,</subfield>
  </datafield>
  <datafield tag="245" ind1="1" ind2="0">
    <subfield code="a">Dones de les terres gironines que han fet hist&#xF2;ria :</subfield>
    <subfield code="b">87 semblances biogr&#xE0;fiques, 18 perfils biogr&#xE0;fics /</subfield>
    <subfield code="c">Carles Bastons i Vivanco, Montserrat Bastons i Garcia ; presentaci&#xF3; d'Irene Rigau i Laura Borr&#xE0;s</subfield>
  </datafield>
  <datafield tag="264" ind1=" " ind2="1">
    <subfield code="a">Barcelona :</subfield>
    <subfield code="b">Base,</subfield>
    <subfield code="c">2018</subfield>
  </datafield>
  <datafield tag="300" ind1=" " ind2=" ">
    <subfield code="a">466 p&#xE0;gines ;</subfield>
    <subfield code="c">24 cm</subfield>
  </datafield>
  <datafield tag="490" ind1="1" ind2=" ">
    <subfield code="a">Base hist&#xF2;rica ;</subfield>
    <subfield code="v">147</subfield>
  </datafield>
  <datafield tag="504" ind1=" " ind2=" ">
    <subfield code="a">Bibliografia: p&#xE0;gines 455-464</subfield>
  </datafield>
  <datafield tag="505" ind1=" " ind2=" ">
    <subfield code="a">Inclou les biografies de 8 dones gironines relacionades amb el periodisme: Maria Gr&#xE0;cia Bassa, Aurora Bertrana, Francesca Boris, Llucieta Cany&#xE0;, Lola Cos, Nat&#xE0;lia Molero, Maria Perpiny&#xE0; i Margarita Wirsing.</subfield>
  </datafield>
  <datafield tag="650" ind1=" " ind2="7">
    <subfield code="a">Dones</subfield>
    <subfield code="z">Catalunya</subfield>
    <subfield code="z">Girona (Prov&#xED;ncia)</subfield>
    <subfield code="x">Biografia</subfield>
    <subfield code="2">lemac</subfield>
    <subfield code="y">S. XIX-XX</subfield>
  </datafield>
  <datafield tag="650" ind1=" " ind2="0">
    <subfield code="a">Dones periodistes</subfield>
    <subfield code="z">Catalunya</subfield>
    <subfield code="z">Girona (Prov&#xED;ncia)</subfield>
    <subfield code="x">Biografia</subfield>
    <subfield code="9">2913</subfield>
    <subfield code="y">S. XIX-XX</subfield>
  </datafield>
  <datafield tag="700" ind1="1" ind2=" ">
    <subfield code="a">Bastons i Garcia, Montserrat,</subfield>
  </datafield>
  <datafield tag="830" ind1=" " ind2="0">
    <subfield code="a">Base hist&#xF2;rica ;</subfield>
    <subfield code="v">147</subfield>
  </datafield>
  <datafield tag="907" ind1=" " ind2=" ">
    <subfield code="a">.b70241703</subfield>
    <subfield code="b">21-06-21</subfield>
    <subfield code="c">20-04-18</subfield>
    <subfield code="d">24-01-19</subfield>
    <subfield code="e">m</subfield>
    <subfield code="f">a</subfield>
    <subfield code="g">-</subfield>
    <subfield code="h">cat</subfield>
    <subfield code="i">spc</subfield>
    <subfield code="j">0</subfield>
    <subfield code="k">0</subfield>
  </datafield>
  <datafield tag="908" ind1=" " ind2=" ">
    <subfield code="a">UdG</subfield>
    <subfield code="a">ICD</subfield>
    <subfield code="a">BC</subfield>
    <subfield code="a">ANC</subfield>
    <subfield code="a">UB</subfield>
    <subfield code="a">CHCC</subfield>
  </datafield>
  <datafield tag="940" ind1=" " ind2=" ">
    <subfield code="a">BC</subfield>
  </datafield>
  <datafield tag="942" ind1=" " ind2=" ">
    <subfield code="2">udc</subfield>
    <subfield code="c">MON</subfield>
  </datafield>
  <datafield tag="952" ind1=" " ind2=" ">
    <subfield code="0">0</subfield>
    <subfield code="1">0</subfield>
    <subfield code="4">0</subfield>
    <subfield code="7">0</subfield>
    <subfield code="a">CDMR</subfield>
    <subfield code="b">CDMR</subfield>
    <subfield code="d">2023-10-24</subfield>
    <subfield code="e">Donaci&#xF3;</subfield>
    <subfield code="g">19.90</subfield>
    <subfield code="l">0</subfield>
    <subfield code="o">Du 1/203</subfield>
    <subfield code="p">CDMR23100013</subfield>
    <subfield code="r">2023-10-24</subfield>
    <subfield code="w">2023-10-24</subfield>
    <subfield code="y">MON</subfield>
  </datafield>
</record>
